Contemporary Indian Short Stories (Record no. 1664)

MARC details
000 -LEADER
fixed length control field 00314nam a2200109 4500
008 - FIXED-LENGTH DATA ELEMENTS--GENERAL INFORMATION
fixed length control field 160704b xxu||||| |||| 00| 0 eng d
100 ## - MAIN ENTRY--PERSONAL NAME
9 (RLIN) 1963
Personal name Bhattacharya, B
245 ## - TITLE STATEMENT
Title Contemporary Indian Short Stories
260 ## - PUBLICATION, DISTRIBUTION, ETC. (IMPRINT)
Place of publication, distribution, etc. D
Name of publisher, distributor, etc. Sahity Akademi
Date of publication, distribution, etc. 2004
300 ## - PHYSICAL DESCRIPTION
Extent Contemporary Indian Short Stories
942 ## - ADDED ENTRY ELEMENTS (KOHA)
Source of classification or shelving scheme Dewey Decimal Classification
Koha item type BOOK
Holdings
Withdrawn status Lost status Source of classification or shelving scheme Damaged status Not for loan Home library Current library Shelving location Date acquired Total Checkouts Full call number Barcode Date last seen Price effective from Koha item type
    Dewey Decimal Classification     Good Samaritan School Library Good Samaritan School Library FICTION 07/04/2016   823 BHA2711 07/04/2016 07/04/2016 BOOK

Powered by Koha